000 00771nam a2200229 i 4500
001 184128
003 ES-MaACL
005 20231228062559.0
008 150323s1970 sp |||| |dspa d
080 _a821.134.2-14"19"
100 1 _aAlonso, Dámaso,
_d1898-1990
_920195
245 1 0 _aHijos de la ira
_b: diario íntimo /
_cDámaso Alonso ; edición, prólogo y notas de Elias L. Rivers.
260 _aBarcelona :
_bLabor,
_c1970.
300 _a149 p. ;
_c18 cm.
490 1 _aTextos hispánicos modernos ;
_v4
597 _aEn contracub.: retr. del autor.
598 _aColección dir. por Francisco Rico.
700 1 _aRivers, Elias L.
_997715
830 0 _aTextos hispánicos modernos ;
_v4
_9181506
852 _aES-MaACL
_jE-15513
999 _c184128
_d184128